000 00356pam a2200145 a 4500
020 _c
041 _h
082 _a201.69999999999999
_bTYA
100 _aTyagi,D
245 _aPolitical Economic Banking Reforms In India
_hTextual Documents
260 _aNew Delhi
_bWisdom Publications
_c2006
300 _aXII/324
700 _aAhmad,F
930 _a1780
999 _c108613
_d108613